Sanathana Sarathi (Record no. 23532)

MARC details
000 -LEADER
fixed length control field 00578nam a22001577a 4500
005 - DATE AND TIME OF LATEST TRANSACTION
control field 20090212112726.0
008 - FIXED-LENGTH DATA ELEMENTS--GENERAL INFORMATION
fixed length control field 090212t xxu||||| |||| 00| 0 eng d
082 ## - DEWEY DECIMAL CLASSIFICATION NUMBER
Classification number 230.35
245 ## - TITLE STATEMENT
Title Sanathana Sarathi
260 ## - PUBLICATION, DISTRIBUTION, ETC. (IMPRINT)
Place of publication, distribution, etc Prasanthi Nilayam
Name of publisher, distributor, etc Sri Sathya Sai Books & Publications
Date of publication, distribution, etc 2008-
300 ## - PHYSICAL DESCRIPTION
Extent v.
Dimensions 24 cm
310 ## - CURRENT PUBLICATION FREQUENCY
Current publication frequency monthly
270 ## - ADDRESS
Telephone number 0091-08555-287375
Fax number 287390
Electronic mail address editor@sssbpt.org
942 ## - ADDED ENTRY ELEMENTS (KOHA)
Source of classification or shelving scheme Dewey Decimal Classification
Item type Periodicals
Classification part 230.35
Call number suffix SAN
Serial record 1
Holdings
Withdrawn status Lost status Source of classification or shelving scheme Damaged status Not for loan Collection code Home library Current library Date acquired Total Checkouts Full call number Date last seen Price effective from Koha item type
    Dewey Decimal Classification   Not For Loan Non-fiction D.B.Act.Division D.B.Act.Division 12/02/2009   230.35 SAN 12/02/2009 12/02/2009 Periodicals

© Delhi Public Library
Hit Counter
free hit counter